Statistics for Premier League True or False #1

Click here to take the quiz!

General Stats

  • This quiz has been taken 363 times
  • The average score is 5 of 10

Answer Stats

QuestionAnswer% Correct
Liverpool are in the Top 4 of the all-time Premier League tableTrue
81%
David O'Leary managed the same amount of Premier League clubs as Martin O'NeillFalse
57%
Both Brian and Nigel Clough have managed in the Premier LeagueFalse
57%
Les Ferdinand was relegated from the Premier League in two consecutive seasonsTrue
54%
Claudio Ranieri was the third Italian manager to win the Premier LeagueTrue
50%
Alan Shearer and Chris Sutton were joint-top goalscorers in the 1994/95 seasonFalse
47%
Tim Sherwood is the only one to have played for and managed Tottenham Hotspur in the Premier LeagueTrue
45%
Four teams have only spent a single season in the Premier LeagueFalse
42%
Rafael da Silva played for more Premier League clubs than his twin brother FábioFalse
36%
Carling was the title sponsor of the first Premier League seasonFalse
31%

Score Distribution

Percentile by Number Answered

Percent of People with Each Score

Your Score History

You have not taken this quiz